| 000 | 00771cam a2200229 4500 | ||
|---|---|---|---|
| 001 | 5255 | ||
| 005 | 20181127175117.0 | ||
| 008 | 821108s1982 enka b 001 0aeng | ||
| 010 | _a 81085435 | ||
| 020 | _a090602105 | ||
| 043 | _aa-bt--- | ||
| 100 | 1 |
_aDavis, Samuel, _d1760-1819. |
|
| 245 | 1 | 0 |
_aViews of Medieval Bhutan : _bthe diary and drawings of Samuel Davis, 1783 / _cMichael Aris. |
| 260 |
_aLondon : _bSerindia ; _aWashington, D.C. : _bSmithsonian Institution Press, _c1982. |
||
| 300 |
_a124 p. : _bill. (some col.) ; _c19 x 28 cm. |
||
| 500 | _aIncludes index. | ||
| 504 | _aBibliography: p. 122. | ||
| 600 | 1 | 0 |
_aDavis, Samuel, _d1760-1819. |
| 650 | 0 |
_aArchitecture, Medieval _zBhutan. |
|
| 651 | 0 |
_aBhutan _xDescription and travel. |
|
| 700 | 1 | _aAris, Michael. | |
| 999 |
_c4412 _d4412 |
||